000 00433nam a2200157Ia 4500
003 IQ-KOUCL
041 _aKurdish
082 _a891,1 cut-828 ك
100 _a20260118u\\\\\\\\\\\y0engy0103\\\\ba
100 _aبيشوا كاكائي
245 0 _aابسط من صحراء مختارات شعرية
250 _aچ1
260 _bمطبعة كارو
_aالسليمانية - العراق
_c2023
300 _a100
942 _cBk
999 _c186769
_d186769